[Event "22nd ch-EUR Indiv 2022"]
[Site "Terme Catez SLO"]
[Date "2022.03.29"]
[Round "3.38"]
[White "Abasov, Nijat"]
[Black "Gharibyan, Mamikon"]
[Result "1/2-1/2"]
[WhiteTitle "GM"]
[BlackTitle "IM"]
[WhiteElo "2630"]
[BlackElo "2479"]
[WhiteFideId "13402960"]
[BlackFideId "13308300"]
[EventDate "2022.03.27"]

1. d4 Nf6 2. c4 e6 3. Nc3 d5 4. cxd5 exd5 5. Bg5 c6 6. e3 h6 7. Bh4 Be7 8. Bd3
O-O 9. Bg3 Re8 10. h3 Ne4 11. Bxe4 dxe4 12. Nxe4 Bh4 13. Bxh4 Qxh4 14. Ng3 Rxe3+
15. fxe3 Qxg3+ 16. Kf1 Qxe3 17. Qe2 Qf4+ 18. Nf3 Be6 19. Kf2 Nd7 20. Rhe1 Rd8
21. a4 Qd6 22. a5 a6 23. Qe3 Nf6 24. Rad1 Qc7 25. Qa3 Rd5 26. Re5 Rd8 27. Rde1
Qb8 28. Kg1 Nd7 29. R5e3 Nf6 30. Qd3 Qc7 31. Qa3 Qb8 32. Qd3 Qc7 33. Qd2 Rd5 34.
Re5 Rd8 35. Qe3 Rd6 36. Qf4 Rd5 37. Qd2 Rd6 38. Qc3 Nd7 39. R5e2 Nf6 40. Ne5 Rd5
41. Nd3 Nd7 42. b4 Rg5 43. Nc5 Bd5 44. Re8+ Kh7 45. Qc2+ Rg6 46. R1e2 Nxc5 47.
bxc5 Qxa5 48. Qd3 Qb5 49. Qf5 Qc4 50. Qf4 Rf6 51. Qe3 a5 52. Kh2 a4 53. Qe5 a3
54. Qb8 Qc1 55. Rh8+ Kg6 56. Qg3+ Qg5 57. Qxa3 Qf4+ 58. Qg3+ Qxg3+ 59. Kxg3 Rf1
60. Rd2 Rb1 61. Re8 b6 62. cxb6 Rxb6 63. Kf4 Rb1 64. Re3 Kf6 65. Kg3 g5 66. Re8
Kg6 67. Rg8+ Kh7 68. Re8 Kg6 69. Rg8+ Kh7 1/2-1/2

[Event "22nd ch-EUR Indiv 2022"]
[Site "Terme Catez SLO"]
[Date "2022.03.29"]
[Round "3.39"]
[White "Durarbayli, Vasif"]
[Black "Mirzoev, Emil"]
[Result "1/2-1/2"]
[WhiteTitle "GM"]
[BlackTitle "GM"]
[WhiteElo "2628"]
[BlackElo "2475"]
[WhiteFideId "13402935"]
[BlackFideId "14108640"]
[EventDate "2022.03.27"]

1. e4 e5 2. Nf3 Nc6 3. Bb5 a6 4. Ba4 Nf6 5. O-O Be7 6. Re1 b5 7. Bb3 d6 8. c3
O-O 9. h3 Bb7 10. d4 Re8 11. d5 Na5 12. Bc2 c6 13. dxc6 Nxc6 14. Bg5 h6 15. Bxf6
Bxf6 16. Nbd2 Ne7 17. Nf1 g6 18. a4 d5 19. Ng3 Qb6 20. axb5 axb5 21. Rxa8 Bxa8
22. Bb3 dxe4 23. Nxe4 Bxe4 24. Rxe4 Nf5 25. Qd5 Qc7 26. Re1 b4 27. cxb4 Rb8 28.
b5 Nd6 29. Rd1 Nxb5 30. Qd7 e4 31. Bxf7+ Kf8 32. Ne1 Qxd7 33. Rxd7 g5 34. Bd5
Bxb2 35. Bxe4 Re8 36. Nd3 Rxe4 37. Nxb2 Re7 38. Rd3 Kg7 39. Nc4 Re6 40. g3 Kf6
41. Kg2 Nc7 42. Ne3 Ne8 43. Ng4+ Kg6 44. Re3 Ng7 45. Rxe6+ Nxe6 46. Kf3 h5 47.
Ne3 Nc5 48. Nc2 Kf5 49. Ke3 Ke5 50. Ne1 Kf5 51. Nf3 Nd7 52. Nd4+ Ke5 53. Nc6+
Kf5 54. Kd4 Nf6 55. Kd3 Ke6 56. Nd4+ Ke5 57. Nc2 Nd5 58. Ne3 Nf6 59. Ng2 Nd7 60.
Ke3 Nf6 61. h4 Kf5 62. hxg5 Kxg5 63. f3 Nd5+ 64. Kd4 Ne7 65. Nh4 Nc6+ 66. Kd5
Ne7+ 67. Ke4 Nc6 68. Nf5 Nd8 69. Ne3 Nf7 70. f4+ Kf6 71. Nd5+ Kg6 72. Ne7+ Kf6
73. Nf5 Kg6 74. Ne3 Kf6 75. Kf3 Nd6 76. Kg2 Ne4 77. Kh3 Kg6 78. Nc4 Nf6 79. Ne5+
Kf5 80. Kh4 Nd5 81. Nd3 Ke4 82. Nf2+ Kf5 83. Nh3 Nf6 84. Ng1 Kg6 85. Nf3 Ne4 86.
Nd4 Kf6 87. Nc6 Kg6 88. Ne7+ Kf6 89. Nd5+ Kf5 90. Kh3 Nd6 91. Nc3 Ne8 92. Nb5
Nf6 93. Nc7 Ke4 94. Ne6 Kf5 95. Nd4+ Ke4 96. Nb5 Kf5 97. Kh4 Ne4 98. Na7 Nf6 99.
Nc8 Ke6 100. Kh3 Kf5 101. Ne7+ Ke6 102. Ng6 Kf5 103. Nh4+ Ke4 104. Kh2 Nd5 105.
Ng2 h4 1/2-1/2

[Event "22nd ch-EUR Indiv 2022"]
[Site "Terme Catez SLO"]
[Date "2022.03.29"]
[Round "3.40"]
[White "Maurizzi, Marc'Andria"]
[Black "Yilmaz, Mustafa"]
[Result "1/2-1/2"]
[WhiteTitle "GM"]
[BlackTitle "GM"]
[WhiteElo "2493"]
[BlackElo "2624"]
[WhiteFideId "36083534"]
[BlackFideId "6302718"]
[EventDate "2022.03.27"]

1. e4 c5 2. Nf3 d6 3. Bb5+ Bd7 4. Bxd7+ Nxd7 5. c3 Ngf6 6. Qe2 e6 7. d4 Be7 8.
e5 dxe5 9. dxe5 Nd5 10. c4 Nb4 11. Nc3 O-O 12. Bf4 Qb6 13. O-O-O Rad8 14. h4 Nb8
15. a3 N4c6 16. Ng5 Rxd1+ 17. Qxd1 Nd4 18. Qd3 g6 19. Nxh7 Rd8 20. Qe4 Kxh7 21.
h5 Kg8 22. hxg6 f5 23. exf6 Bxf6 24. g7 Kf7 25. Rh7 Nf5 26. g8=Q+ Kxg8 27. Rxb7
Qa6 28. Rxb8 Rxb8 29. Bxb8 Bxc3 30. bxc3 Qxa3+ 31. Kc2 Qa2+ 32. Kc1 Qa1+ 33. Kc2
Qa2+ 34. Kc1 Qa1+ 35. Kc2 1/2-1/2

[Event "22nd ch-EUR Indiv 2022"]
[Site "Terme Catez SLO"]
[Date "2022.03.29"]
[Round "3.41"]
[White "Nguyen, Thai Dai Van"]
[Black "Yilmazyerli, Mert"]
[Result "1/2-1/2"]
[WhiteTitle "GM"]
[BlackTitle "IM"]
[WhiteElo "2623"]
[BlackElo "2466"]
[WhiteFideId "358878"]
[BlackFideId "6305962"]
[EventDate "2022.03.27"]

1. d4 d5 2. c4 dxc4 3. Nf3 Nf6 4. e3 e6 5. Bxc4 a6 6. O-O c5 7. b3 cxd4 8. Nxd4
Bd7 9. Bb2 Nc6 10. Nf3 Be7 11. Nbd2 O-O 12. Qb1 h6 13. Rd1 b5 14. Be2 Qc7 15.
Ne4 Nd5 16. Qc2 Rac8 17. Rac1 Rfd8 18. Qb1 Qb6 19. Qa1 Bf8 20. Ng3 Be8 21. Ne1
f6 22. Bf3 Nce7 23. Rxc8 Rxc8 24. Nd3 b4 25. Rc1 Rxc1+ 26. Qxc1 Bb5 27. Qd2 a5
28. Ne2 Qc7 29. h4 Nb6 30. a4 Be8 31. Nd4 e5 32. Ne6 Qd6 33. Nec5 Bc6 34. Ne4
Qd8 35. Qc2 Bd5 36. Ndc5 Qc7 37. Qc1 Nf5 38. h5 1/2-1/2

[Event "22nd ch-EUR Indiv 2022"]
[Site "Terme Catez SLO"]
[Date "2022.03.29"]
[Round "3.42"]
[White "Holm, Kristian Stuvik"]
[Black "Vocaturo, Daniele"]
[Result "0-1"]
[WhiteTitle "IM"]
[BlackTitle "GM"]
[WhiteElo "2468"]
[BlackElo "2614"]
[WhiteFideId "1508083"]
[BlackFideId "813192"]
[EventDate "2022.03.27"]

1. d4 Nf6 2. c4 e6 3. Nc3 Bb4 4. e3 O-O 5. Bd3 d5 6. Nf3 dxc4 7. Bxc4 c5 8. O-O
Nc6 9. Bd3 cxd4 10. exd4 h6 11. a3 Bd6 12. Bc4 Ne7 13. Ne5 Bc7 14. Bf4 Nf5 15.
Ne2 Bb6 16. Be3 Nxe3 17. fxe3 Bc7 18. Nf3 Bd7 19. Nc3 Rc8 20. Qd3 Bc6 21. Rad1
Bxf3 22. gxf3 Bxh2+ 23. Kf2 Bb8 24. Ba2 Qb6 25. Rd2 e5 26. Rg1 exd4 27. exd4 Kh8
28. Kf1 Nh5 29. Nd5 Qd6 30. Ke2 Qh2+ 0-1

[Event "22nd ch-EUR Indiv 2022"]
[Site "Terme Catez SLO"]
[Date "2022.03.29"]
[Round "3.43"]
[White "Subelj, Jan"]
[Black "Brkic, Ante"]
[Result "1/2-1/2"]
[WhiteTitle "IM"]
[BlackTitle "GM"]
[WhiteElo "2468"]
[BlackElo "2607"]
[WhiteFideId "14618583"]
[BlackFideId "14506688"]
[EventDate "2022.03.27"]

1. e4 e5 2. Nf3 Nc6 3. Bc4 Bc5 4. c3 Nf6 5. d3 d6 6. O-O O-O 7. h3 h6 8. Re1 a5
9. d4 Bb6 10. Bb3 Re8 11. Bc2 Bd7 12. dxe5 Nxe5 13. Nxe5 dxe5 14. a4 Nh7 15. Be3
Re6 16. Nd2 Rd6 17. Bxb6 cxb6 18. Re2 Bxh3 19. Qe1 Bg4 20. f3 Be6 21. Nf1 Bc4
22. Rf2 Bxf1 23. Qxf1 Qg5 24. Bb3 Nf6 25. Qc4 Rd7 26. Qb5 Qe3 27. Bd5 Rad8 28.
Rd1 Kh7 29. Rd3 Qc5 30. Qxc5 bxc5 31. c4 b6 32. Rb3 Rb8 33. g3 Re7 34. Rd2 Rd7
35. Rf2 Ne8 36. Bc6 Rd1+ 37. Rf1 Rd6 38. Bd5 f6 39. f4 exf4 40. gxf4 Nc7 41. Rd1
Nxd5 42. cxd5 Re8 43. Re3 g5 44. Ree1 Red8 45. Kf2 f5 46. Kf3 fxe4+ 47. Kxe4
Re8+ 48. Kf5 Rxe1 49. Rxe1 Rxd5+ 50. Kf6 Rd6+ 51. Ke7 Rc6 52. f5 Kg7 53. Kd7 Rf6
54. Re7+ Kf8 55. Re8+ Kf7 56. Re7+ Kf8 57. Re8+ 1/2-1/2

[Event "22nd ch-EUR Indiv 2022"]
[Site "Terme Catez SLO"]
[Date "2022.03.29"]
[Round "3.44"]
[White "Erdos, Viktor"]
[Black "Kramer, Julian"]
[Result "1/2-1/2"]
[WhiteTitle "GM"]
[BlackTitle "IM"]
[WhiteElo "2607"]
[BlackElo "2423"]
[WhiteFideId "719978"]
[BlackFideId "12921742"]
[EventDate "2022.03.27"]

1. Nf3 Nf6 2. c4 g6 3. Nc3 d5 4. cxd5 Nxd5 5. h4 Nxc3 6. dxc3 Qxd1+ 7. Kxd1 h5
8. a4 Nd7 9. Bf4 Nc5 10. Bxc7 Bd7 11. e3 Rc8 12. Bg3 a6 13. a5 Ne4 14. Bd3 Nxg3
15. fxg3 Bg7 16. Ke2 e6 17. Rhd1 Ke7 18. Kf2 Rc5 19. Rd2 Rd8 20. Be2 Be8 21. Ra3
f5 22. Rxd8 Kxd8 23. Nd4 Bd7 24. Nb3 Rc7 25. Bf3 e5 26. Bd5 Ke7 27. c4 Be6 28.
Bxe6 Kxe6 29. Ra4 Bf8 30. Nc1 Rd7 31. Ke2 1/2-1/2

[Event "22nd ch-EUR Indiv 2022"]
[Site "Terme Catez SLO"]
[Date "2022.03.29"]
[Round "3.45"]
[White "Davtyan, Artur"]
[Black "Bernadskiy, Vitaliy"]
[Result "1-0"]
[WhiteTitle "IM"]
[BlackTitle "GM"]
[WhiteElo "2460"]
[BlackElo "2606"]
[WhiteFideId "13308327"]
[BlackFideId "14100371"]
[EventDate "2022.03.27"]

1. d4 Nf6 2. c4 c6 3. Nc3 d5 4. Nf3 dxc4 5. a4 Bf5 6. Ne5 Nbd7 7. Nxc4 Nb6 8.
Ne5 a5 9. g3 e6 10. Bg2 Bb4 11. O-O O-O 12. Re1 h6 13. e4 Bh7 14. Bf4 c5 15.
dxc5 Qxd1 16. Rexd1 Bxc5 17. Nd3 Bb4 18. f3 Nc4 19. Nb5 g5 20. Nxb4 gxf4 21. Nd3
fxg3 22. hxg3 Ne3 23. Rd2 Rfd8 24. Re1 Nxg2 25. Kxg2 Rd7 26. Kf2 Nh5 27. g4 Ng7
28. Ke3 Rad8 29. Red1 f5 30. Nc5 Rxd2 31. Rxd2 Rxd2 32. Kxd2 fxg4 33. fxg4 Ne8
34. e5 b6 35. Nd7 Be4 36. Nd6 Nxd6 37. exd6 Kf7 38. Nxb6 Bc6 39. b3 e5 40. Nc4
Ke6 41. Nxa5 Bf3 42. Nc4 Bxg4 43. d7 1-0

[Event "22nd ch-EUR Indiv 2022"]
[Site "Terme Catez SLO"]
[Date "2022.03.29"]
[Round "3.46"]
[White "Petkov, Momchil"]
[Black "Moiseenko, Alexander"]
[Result "1-0"]
[WhiteTitle "IM"]
[BlackTitle "GM"]
[WhiteElo "2465"]
[BlackElo "2602"]
[WhiteFideId "2921642"]
[BlackFideId "14102560"]
[EventDate "2022.03.27"]

1. d4 Nf6 2. c4 e6 3. g3 c5 4. d5 exd5 5. cxd5 d6 6. Nc3 g6 7. Bg2 Bg7 8. Nf3
O-O 9. O-O Re8 10. Bf4 Bf5 11. a4 Ne4 12. Nd2 Nxc3 13. bxc3 Bxc3 14. Nc4 Bxa1
15. Qxa1 Rxe2 16. Nxd6 Nd7 17. Nxf5 gxf5 18. Qb1 Nf8 19. Qxb7 Qe8 20. Bc7 Re1
21. d6 Rxf1+ 22. Kxf1 Rc8 23. Bc6 Nd7 24. Qb5 c4 25. Bxd7 Qe4 26. Bc6 Qd3+ 27.
Kg2 Re8 28. d7 1-0

[Event "22nd ch-EUR Indiv 2022"]
[Site "Terme Catez SLO"]
[Date "2022.03.29"]
[Round "3.47"]
[White "Murphy, Conor E"]
[Black "Baklan, Vladimir"]
[Result "1/2-1/2"]
[WhiteTitle "IM"]
[BlackTitle "GM"]
[WhiteElo "2427"]
[BlackElo "2591"]
[WhiteFideId "421669"]
[BlackFideId "14102196"]
[EventDate "2022.03.27"]

1. d4 Nf6 2. c4 e6 3. Nc3 Bb4 4. e3 O-O 5. Bd3 c5 6. Ne2 cxd4 7. exd4 d5 8. cxd5
Nxd5 9. O-O Nc6 10. a3 Be7 11. Nxd5 exd5 12. Nf4 Bf6 13. Be3 g6 14. Rc1 Bg7 15.
Rc5 Ne7 16. Qf3 b6 17. Rc3 Bb7 18. Rfc1 Rc8 19. Rxc8 Bxc8 20. h3 Bb7 21. Ne2 Qd7
22. Bg5 Rc8 23. Rxc8+ Nxc8 24. Bf6 Nd6 25. Bxg7 Kxg7 26. b3 Qe7 27. Qe3 Qxe3 28.
fxe3 Kf6 29. Kf2 h6 30. Nc3 Ke6 31. Kf3 Bc6 32. Kf4 Kf6 33. h4 Ne8 34. Be2 1/2-1/2

[Event "22nd ch-EUR Indiv 2022"]
[Site "Terme Catez SLO"]
[Date "2022.03.29"]
[Round "3.48"]
[White "Jobava, Baadur"]
[Black "Ben Ari, Yannay"]
[Result "1-0"]
[WhiteTitle "GM"]
[BlackTitle "FM"]
[WhiteElo "2588"]
[BlackElo "2417"]
[WhiteFideId "13601520"]
[BlackFideId "2815222"]
[EventDate "2022.03.27"]

1. c4 e5 2. Nc3 Bb4 3. Nd5 Be7 4. Nf3 d6 5. d4 e4 6. Nd2 f5 7. e3 c6 8. Nxe7
Nxe7 9. d5 O-O 10. b3 Nd7 11. Bb2 Ng6 12. dxc6 bxc6 13. f4 exf3 14. Nxf3 Qe7 15.
Qd4 f4 16. O-O-O Qxe3+ 17. Qxe3 fxe3 18. Rxd6 Nf6 19. c5 Bf5 20. Bc4+ Kh8 21.
Re1 Rae8 22. Rxc6 Be4 23. Rxf6 gxf6 24. Rxe3 Kg7 25. Nd4 Nf4 26. g3 Ng2 27. Re2 1-0

[Event "22nd ch-EUR Indiv 2022"]
[Site "Terme Catez SLO"]
[Date "2022.03.29"]
[Round "3.49"]
[White "Stoyanov, Tsvetan"]
[Black "Moroni, Luca Jr"]
[Result "1/2-1/2"]
[WhiteTitle "IM"]
[BlackTitle "GM"]
[WhiteElo "2424"]
[BlackElo "2588"]
[WhiteFideId "2917173"]
[BlackFideId "865834"]
[EventDate "2022.03.27"]

1. e4 e5 2. Nf3 Nc6 3. d4 exd4 4. Nxd4 Nf6 5. Nxc6 bxc6 6. e5 Qe7 7. Qe2 Nd5 8.
h4 Qe6 9. Nd2 a5 10. c4 Nb4 11. Nf3 c5 12. a3 Nc6 13. g3 Ba6 14. Bd2 Nd4 15.
Nxd4 cxd4 16. Qe4 Rb8 17. Qxd4 Qc6 18. Qd5 Bb7 19. Qxc6 Bxc6 20. Rh2 Rxb2 21.
Bxa5 Bc5 22. Bc3 Rc2 23. Bb4 Bd4 24. Bd3 Rb2 25. Rb1 Ra2 26. Kf1 Bxe5 27. Re1 d6
28. Bb1 Rb2 29. Bc3 Rb3 30. Bxe5 dxe5 31. Rxe5+ Kd8 32. Be4 Bxe4 33. Rxe4 Rxa3
34. h5 Re8 1/2-1/2

[Event "22nd ch-EUR Indiv 2022"]
[Site "Terme Catez SLO"]
[Date "2022.03.29"]
[Round "3.50"]
[White "Papp, Gabor1"]
[Black "Globus, Or"]
[Result "0-1"]
[WhiteTitle "GM"]
[BlackTitle "FM"]
[WhiteElo "2574"]
[BlackElo "2414"]
[WhiteFideId "718602"]
[BlackFideId "2816776"]
[EventDate "2022.03.27"]

1. e4 e5 2. Nf3 Nc6 3. Bb5 a6 4. Ba4 Nf6 5. O-O b5 6. Bb3 Bc5 7. a4 Rb8 8. c3 d6
9. d4 Bb6 10. a5 Ba7 11. h3 O-O 12. Be3 exd4 13. cxd4 Nb4 14. Nc3 Bb7 15. Bg5 h6
16. Bh4 c5 17. d5 c4 18. Bc2 g5 19. Nxg5 hxg5 20. Bxg5 Re8 21. Kh1 Nxc2 22. Qxc2
Re5 23. f4 Rxg5 24. fxg5 Nh5 25. Ne2 Qxg5 26. Rf5 Qh4 27. Qd2 Re8 28. Raf1 Bc8
29. Rg5+ Ng7 30. Rf3 f6 31. Rg6 Rxe4 32. Rgxf6 Bg4 33. Rf8+ Kh7 34. R8f4 Qh6 35.
Qc2 Bxf3 36. Rxf3 Qg6 37. Rg3 Rg4 38. Qxg6+ Rxg6 39. Rf3 Kg8 40. g4 Ne8 41. Ng3
Nc7 42. Nf5 Nxd5 43. h4 b4 44. h5 Re6 45. g5 c3 46. bxc3 bxc3 47. g6 c2 48. Nh6+
Kg7 49. Nf5+ Kh8 50. Rf1 Rf6 0-1

[Event "22nd ch-EUR Indiv 2022"]
[Site "Terme Catez SLO"]
[Date "2022.03.29"]
[Round "3.51"]
[White "Tratar, Marko"]
[Black "Kadric, Denis"]
[Result "0-1"]
[WhiteTitle "GM"]
[BlackTitle "GM"]
[WhiteElo "2417"]
[BlackElo "2573"]
[WhiteFideId "14600684"]
[BlackFideId "14403803"]
[EventDate "2022.03.27"]

1. Nf3 d6 2. d4 Nf6 3. c4 g6 4. Nc3 Bf5 5. e3 Bg7 6. Bd3 Bxd3 7. Qxd3 O-O 8. e4
Nbd7 9. h3 e5 10. dxe5 dxe5 11. Be3 c6 12. O-O Qe7 13. Rfd1 Nc5 14. Qc2 Nfd7 15.
b4 Ne6 16. Qb3 a5 17. b5 Ndc5 18. Qa3 Rfe8 19. Rab1 Bf8 20. bxc6 bxc6 21. Nxe5
f5 22. exf5 gxf5 23. f4 Qh4 24. Ne2 Ra7 25. Nf3 Qh5 26. Qc1 Rg7 27. Kh2 Ne4 28.
Rb2 Ba3 29. Qc2 Bxb2 30. Qxb2 h6 31. Qb6 Kh7 32. Qxc6 Rxg2+ 0-1

[Event "22nd ch-EUR Indiv 2022"]
[Site "Terme Catez SLO"]
[Date "2022.03.29"]
[Round "3.52"]
[White "Prohaszka, Peter2"]
[Black "Golubka, Petro"]
[Result "1-0"]
[WhiteTitle "GM"]
[BlackTitle "GM"]
[WhiteElo "2573"]
[BlackElo "2401"]
[WhiteFideId "726265"]
[BlackFideId "14114224"]
[EventDate "2022.03.27"]

1. Nf3 Nf6 2. c4 g6 3. Nc3 Bg7 4. g3 O-O 5. Bg2 c6 6. d4 d5 7. cxd5 cxd5 8. Ne5
Bf5 9. O-O Ne4 10. Bf4 Nc6 11. Rc1 Bxe5 12. dxe5 Nxc3 13. Rxc3 Be4 14. Bxe4 dxe4
15. Qb1 Qd5 16. Rd1 Qe6 17. Qxe4 Qxa2 18. b3 Rfd8 19. Rcd3 Rxd3 20. Rxd3 Rd8 21.
e6 Qb1+ 22. Kg2 Rxd3 23. exf7+ Kg7 24. Bh6+ Kxf7 25. Qc4+ Kf6 26. exd3 Qd1 27.
Qg8 e6 28. Qg7+ Kf5 29. Qf7+ Ke5 30. Qxb7 Qc2 31. Qc7+ Kd5 32. Bf8 1-0

[Event "22nd ch-EUR Indiv 2022"]
[Site "Terme Catez SLO"]
[Date "2022.03.29"]
[Round "3.53"]
[White "Van Foreest, Lucas"]
[Black "Koelle, Tobias"]
[Result "1/2-1/2"]
[WhiteTitle "GM"]
[BlackTitle "FM"]
[WhiteElo "2572"]
[BlackElo "2378"]
[WhiteFideId "1039792"]
[BlackFideId "16207378"]
[EventDate "2022.03.27"]

1. c4 e5 2. g3 c6 3. Qa4 Nf6 4. Bg2 Be7 5. Nf3 e4 6. Nd4 O-O 7. Nf5 d5 8. Nxe7+
Qxe7 9. cxd5 cxd5 10. O-O Bd7 11. Qd1 Nc6 12. d3 Bg4 13. d4 Qb4 14. h3 Be6 15.
e3 Qd6 16. b3 Rfe8 17. Ba3 Qd7 18. Kh2 h6 19. Nc3 Nh7 20. Ne2 Ng5 21. Nf4 Bf5
22. Rc1 b6 23. Qe2 Nd8 24. Rc3 Nde6 25. g4 Bh7 26. Rfc1 Nxf4 27. exf4 Ne6 28.
Qe3 f5 29. Qg3 Rac8 30. Rxc8 Rxc8 31. Rxc8+ Qxc8 32. g5 hxg5 33. fxg5 f4 34. Qg4
Kf7 35. Bd6 Qc2 36. Bxf4 Qxf2 37. Bg3 Qf5 38. Qd1 Nxg5 39. Qc1 Nf3+ 40. Bxf3
exf3 41. Qc7+ 1/2-1/2

[Event "22nd ch-EUR Indiv 2022"]
[Site "Terme Catez SLO"]
[Date "2022.03.29"]
[Round "3.54"]
[White "Alonso Rosell, Alvar"]
[Black "Uruci, Endrit"]
[Result "1-0"]
[WhiteTitle "GM"]
[BlackTitle "FM"]
[WhiteElo "2565"]
[BlackElo "2304"]
[WhiteFideId "2270544"]
[BlackFideId "22100199"]
[EventDate "2022.03.27"]

1. d4 d5 2. c4 c6 3. Nf3 Nf6 4. e3 Bf5 5. Nc3 e6 6. Nh4 Bg6 7. Be2 Bd6 8. O-O
Nbd7 9. g3 O-O 10. Nxg6 hxg6 11. Qc2 Qe7 12. Rd1 Rad8 13. Bd2 a6 14. Rac1 dxc4
15. Bxc4 b5 16. Be2 c5 17. Ne4 Nxe4 18. Qxe4 c4 19. Qb7 Ra8 20. b3 Rfb8 21. Qf3
cxb3 22. axb3 Bb4 23. Rc7 Bxd2 24. Rxd2 Qd6 25. Rdc2 Nf6 26. R2c5 Rf8 27. R7c6
Qd8 28. Qf4 Nd5 29. Qe5 Qb8 30. Rxe6 fxe6 31. Qxe6+ Kh7 32. Qh3+ Kg8 33. Qe6+
Kh7 34. Rxd5 Qc8 35. Qe4 Rf5 36. Rxf5 gxf5 37. Qh4+ Kg8 38. Bf3 Qd8 39. Bxa8
Qxa8 40. Qe7 a5 41. Qe6+ Kh8 42. d5 a4 43. bxa4 bxa4 44. d6 Qc6 45. Qe7 Qc1+ 46.
Kg2 Qc6+ 47. f3 Qb5 48. d7 1-0

[Event "22nd ch-EUR Indiv 2022"]
[Site "Terme Catez SLO"]
[Date "2022.03.29"]
[Round "3.55"]
[White "Mitev, Valentin"]
[Black "Georgiev, Kiril"]
[Result "0-1"]
[WhiteTitle "FM"]
[BlackTitle "GM"]
[WhiteElo "2255"]
[BlackElo "2564"]
[WhiteFideId "2921707"]
[BlackFideId "2900017"]
[EventDate "2022.03.27"]

1. d4 Nf6 2. c4 b6 3. Nc3 Bb7 4. e3 e6 5. Nge2 d5 6. cxd5 exd5 7. Nf4 Bd6 8. Bd3
O-O 9. O-O Nbd7 10. Qf3 c6 11. e4 dxe4 12. Nxe4 Nxe4 13. Bxe4 Nf6 14. Bxc6 Bxc6
15. Qxc6 Bxf4 16. Bxf4 Qxd4 17. Qd6 Rfd8 18. Qxd4 Rxd4 19. Be3 Rd7 20. Rfd1 Nd5
21. Rac1 f6 22. Rd4 Kf7 23. Rcd1 Rad8 24. h4 h5 25. a4 Ke8 26. Re4+ Ne7 27. Rxd7
Rxd7 28. Kf1 Rd1+ 29. Ke2 Rb1 30. Bd4 Kd7 31. Kf3 Nf5 32. Bc3 Rd1 33. g3 Rd5 34.
Ke2 a6 35. Rb4 Kc6 36. Rc4+ Kd7 37. Rb4 b5 38. axb5 axb5 39. Re4 Nd6 40. Rf4 Ke6
41. f3 Nf5 42. Re4+ Kf7 43. Kf2 Rd1 44. Rb4 Rc1 45. Rxb5 Rc2+ 46. Ke1 Nxg3 47.
Bd2 Kg6 48. Kd1 Rc8 49. Be1 Rd8+ 50. Kc2 Nf5 51. Rc5 Nd4+ 52. Kc3 Nxf3 53. Bg3
Nd2 54. Bc7 Ne4+ 55. Kc4 Rd2 56. Rb5 Rc2+ 57. Kd5 Rxc7 58. Kxe4 Rc4+ 59. Kd5
Rxh4 60. b4 Rg4 61. Rb8 h4 62. b5 h3 63. Kc6 Rh4 0-1

[Event "22nd ch-EUR Indiv 2022"]
[Site "Terme Catez SLO"]
[Date "2022.03.29"]
[Round "3.56"]
[White "Korobov, Anton"]
[Black "Goroshkov, Maksym"]
[Result "1/2-1/2"]
[WhiteTitle "GM"]
[WhiteElo "2695"]
[BlackElo "2111"]
[WhiteFideId "14105730"]
[BlackFideId "14142716"]
[EventDate "2022.03.27"]

1. d4 d5 2. c4 e6 3. Nc3 Nf6 4. cxd5 exd5 5. Bg5 c6 6. e3 h6 7. Bh4 Be7 8. Qc2
O-O 9. Bd3 Re8 10. Nge2 Nbd7 11. O-O Nf8 12. f3 Qa5 13. Bf2 Ne6 14. Rad1 b5 15.
a3 Qd8 16. Kh1 a5 17. e4 b4 18. Nb1 Ba6 19. e5 Bxd3 20. Rxd3 Nd7 21. Qxc6 Nb6
22. axb4 Rc8 23. Qb5 axb4 24. Nd2 Rb8 25. Qc6 Rc8 26. Qb5 Rb8 27. Qc6 Rc8 1/2-1/2

[Event "22nd ch-EUR Indiv 2022"]
[Site "Terme Catez SLO"]
[Date "2022.03.29"]
[Round "3.57"]
[White "Deac, Bogdan-Daniel"]
[Black "Manca, Federico"]
[Result "1-0"]
[WhiteTitle "GM"]
[BlackTitle "IM"]
[WhiteElo "2679"]
[BlackElo "2370"]
[WhiteFideId "1226380"]
[BlackFideId "800171"]
[EventDate "2022.03.27"]

1. e4 e5 2. Nf3 Nc6 3. Bc4 Nf6 4. Ng5 d5 5. exd5 Na5 6. Bb5+ c6 7. dxc6 bxc6 8.
Bd3 Nd5 9. Nf3 Nf4 10. O-O Nxd3 11. cxd3 Bd6 12. d4 exd4 13. Re1+ Be7 14. Qa4
O-O 15. d3 Bd6 16. Bd2 Nb7 17. Qxd4 Qb6 18. Qc3 Bg4 19. Ne5 Bxe5 20. Rxe5 h6 21.
Na3 Nd6 22. Be3 Qc7 23. Rc1 Rfc8 24. Rc5 Qe7 25. Nc2 Nb5 26. Qd2 Bd7 27. Nb4 Qf6
28. d4 a5 29. Nd3 a4 30. Ne5 Be8 31. a3 Qe6 32. Qc2 Rab8 33. Qxa4 f6 34. Nd3 Qe4
35. Qc2 Bg6 36. Nb4 Qg4 37. h3 1-0

[Event "22nd ch-EUR Indiv 2022"]
[Site "Terme Catez SLO"]
[Date "2022.03.29"]
[Round "3.58"]
[White "Kalogeris, Ioannis"]
[Black "Hovhannisyan, Robert"]
[Result "1/2-1/2"]
[WhiteTitle "FM"]
[BlackTitle "GM"]
[WhiteElo "2368"]
[BlackElo "2643"]
[WhiteFideId "4239563"]
[BlackFideId "13302507"]
[EventDate "2022.03.27"]

1. d4 d5 2. c4 c6 3. cxd5 cxd5 4. Bf4 Nc6 5. e3 Nf6 6. Nc3 Bg4 7. Qb3 Na5 8.
Qa4+ Bd7 9. Qc2 e6 10. Bd3 Bb4 11. Nf3 Rc8 12. O-O a6 13. Ne5 h6 14. Bg3 Nc4 15.
Bxc4 dxc4 16. Rad1 Bc6 17. Nxc6 Rxc6 18. d5 exd5 19. Nxd5 Nxd5 20. e4 O-O 21.
exd5 Rc8 22. d6 Qd7 23. Rd5 b5 24. Qd1 c3 25. bxc3 Bxc3 26. Qd3 Rfe8 27. Rd1 Bf6
28. h4 Rc4 29. h5 Ree4 30. Qa3 Bd4 31. Qf3 Bf6 32. Qa3 Bd4 33. Qf3 Bf6 34. Qa3 1/2-1/2

[Event "22nd ch-EUR Indiv 2022"]
[Site "Terme Catez SLO"]
[Date "2022.03.29"]
[Round "3.59"]
[White "Richter, Nils"]
[Black "Fridman, Daniel"]
[Result "1/2-1/2"]
[WhiteTitle "FM"]
[BlackTitle "GM"]
[WhiteElo "2365"]
[BlackElo "2628"]
[WhiteFideId "12990809"]
[BlackFideId "11600454"]
[EventDate "2022.03.27"]

1. Nf3 Nf6 2. g3 c5 3. Bg2 Nc6 4. O-O e5 5. c4 d5 6. cxd5 Nxd5 7. Nc3 Nc7 8. a3
f6 9. d3 Be6 10. Be3 Qd7 11. Ne4 Nd4 12. b4 cxb4 13. axb4 Ncb5 14. Nxd4 exd4 15.
Bd2 Be7 16. Nc5 Bxc5 17. bxc5 O-O 18. e4 dxe3 19. Bxe3 Bd5 20. Qa4 Bxg2 21. Kxg2
Qd5+ 22. Qe4 Nc3 23. Qxd5+ Nxd5 24. Rfb1 b6 25. cxb6 axb6 26. Rxa8 Rxa8 27. Rb5
Ra5 28. Rb2 1/2-1/2